000 00638nam a22001217a 4500
040 _cRUA
082 _aMNR LON 2023 B1.422 Or.1
100 _aLONG VIMEAN, ឡុង​ វិមាន
245 _aThe Use Of Organic Waste To Improve The Quality Of Vermicompost OnTomato Growth, ការប្រើប្រាស់កាកសំណល់សរិរាង្គដើម្បីបង្កើនគុណភាពកំប៉ុស្តិ៍ជន្លេនលើការលូតលាស់របស់ដំណាំប៉េងប៉ោះ
260 _aPHNOM PENH
_bRUA
_c2024
300 _ax,
_bill,
_c29cm,
942 _cMNR
999 _c25286
_d25286